India and Iran in contemporary relations / (Record no. 84451)

MARC details
000 -LEADER
fixed length control field 00606nam a22001937a 4500
005 - DATE AND TIME OF LATEST TRANSACTION
control field 20140801113915.0
010 ## - LCCN (DPL NO)
LC control number ENG-109970
020 ## - INTERNATIONAL STANDARD BOOK NUMBER
International Standard Book Number 9788184249095
Terms of availability 800.00
035 ## - SYSTEM CONTROL NUMBER
System control number EN-93503
037 ## - SOURCE OF ACQUISITION
Source of stock number/acquisition DBAD/PUB
082 ## - DEWEY DECIMAL CLASSIFICATION NUMBER
Classification number 327.55054
245 ## - TITLE STATEMENT
Title India and Iran in contemporary relations /
Statement of responsibility, etc edited by R. Sidda Goud [and] Manisha Mookherjee
260 ## - PUBLICATION, DISTRIBUTION, ETC. (IMPRINT)
Place of publication, distribution, etc New Delhi
Name of publisher, distributor, etc Allied Publishers
Date of publication, distribution, etc 2014
270 ## - ADDRESS
Address 1/13-14, Asaf Ali Road
City New Delhi
Postal code 110002
300 ## - PHYSICAL DESCRIPTION
Extent xx,232p.
Dimensions 24cm(Hb)
700 ## - ADDED ENTRY--PERSONAL NAME
Personal name Goud, R. Sidda
700 ## - ADDED ENTRY--PERSONAL NAME
Personal name Mookherjee, Manisha
942 ## - ADDED ENTRY ELEMENTS (KOHA)
Source of classification or shelving scheme Dewey Decimal Classification
Item type English Books
Call number suffix IND
Classification part 327.55054
Holdings
Withdrawn status Lost status Not for loan Collection code Home library Current library Date acquired Source of acquisition Cost, normal purchase price Full call number Barcode Copy number Cost, replacement price Koha item type
    Not For Loan Non-fiction D.B.Act.Division D.B.Act.Division 22/05/2014 DBAD/PUB 800.00 327.55054 IND EN-93503 1 800.00 English Books

© Delhi Public Library
Hit Counter
free hit counter